Normal view
MARC view
Entry Personal Name
001 - CONTROL NUMBER
- control field: 694603
003 - CONTROL NUMBER IDENTIFIER
- control field: OSt
005 - DATE AND TIME OF LATEST TRANSACTION
- control field: 20221007080058.0
008 - FIXED-LENGTH DATA ELEMENTS
- fixed length control field: 221007|| aca||aabn | a|a d
040 ## - CATALOGING SOURCE
- Original cataloging agency: OSt
- Transcribing agency: OSt
100 ## - HEADING--PERSONAL NAME
- Personal name: Chatterjee R.K. Au
670 ## - SOURCE DATA FOUND
- Source citation: Work cat.: (OSt)1158304: Chatterjee R.K. Au., India's land borders , 1978
